000 00209nam a2200097Ia 4500
008 220204s9999 xx 000 0 und d
082 _a82-3
_bJON
100 _aRobin
245 0 _aLord of the dance
942 _cBK
999 _c37845
_d37845